000 00971 a2200265 4500
010 _aENG-85238
020 _a812200718X
_c500.00
035 _aEN-68771
037 _bD.B.Act / Pub
082 1 4 _a338.951054
090 _c1850
_d1850
100 1 _aSwamy, Subramanian.
245 1 0 _aFinancial architecture and economic development in China and India,
_cDr. Subramanian Swamy.
_ba comparative perspective
260 _aNew Delhi
_bKonark Publishers
_c2006.
270 _aA-149, Main Vikas Marg,
_bDelhi
_cDelhi
300 _a322 p.
_c22 cm. (Hb)
500 _aIncludes bibliographical references
520 _aCovers the period, 1947-2004.
650 0 _aIndia
_xEconomic policy
_y1947--
651 0 _aChina
_xEconomic policy
_y1949-
651 0 _aChina
_xEconomic conditions
_y1949-
651 0 _aIndia
_xEconomic conditions
_y1947-
942 _adpl
_cEN
_k338.951054 / SUB
999 _c1818
_d1818